[Event "Regionalliga SW 9798"]
[Site "Bayern"]
[Date "1998.??.??"]
[Round "?.5"]
[White "Wittal, Werner"]
[Black "Benedde, Guenter"]
[Result "1/2-1/2"]
[WhiteElo "1955"]
[BlackElo "2065"]
[PlyCount "101"]
[EventDate "1997.10.??"]
[EventType "team-tourn"]
[EventRounds "9"]
[EventCountry "GER"]
[SourceTitle "EXT 2020"]
[Source "ChessBase"]
[SourceDate "2019.10.17"]
[SourceVersion "1"]
[SourceVersionDate "2019.10.17"]
[SourceQuality "1"]
[WhiteTeam "Noerdlingen"]
[BlackTeam "Muenchen Suedost"]
[WhiteTeamCountry "GER"]
[BlackTeamCountry "GER"]

1. d4 e6 2. e4 d5 3. exd5 exd5 4. Bd3 Nf6 5. Bg5 Be7 6. Ne2 Bg4 7. Qd2 Bh5 8. Ng3 Bg6 9. Nf5 Bxf5 10. Bxf5 0-0 11. 0-0 Re8 12. Nc3 c6 13. Rfe1 Nbd7 14. Re2 h6 15. Bh4 Ne4 16. Nxe4 Bxh4 17. Ng3 Bxg3 18. hxg3 Rxe2 19. Qxe2 Nf6 20. c3 g6 21. Bd3 Kg7 22. Re1 Qb6 23. Qd2 Re8 24. Rxe8 Nxe8 25. b4 Nd6 26. Qe2 Qd8 27. Qe5+ Qf6 28. Qe2 Qe6 29. Kf1 Qxe2+ 30. Kxe2 f5 31. f3 Kf6 32. a4 a6 33. Ke3 b5 34. axb5 axb5 35. Be2 Nc8 36. Kd2 Nd6 37. Ke3 Ne8 38. Kf2 Ng7 39. Bd1 Ne6 40. Ke3 Kg5 41. f4+ Kf6 42. g4 Ng7 43. Kf2 Ne8 44. gxf5 Kxf5 45. Kf3 Nd6 46. Bc2+ Kf6 47. Bd3 Nc8 48. g3 Nb6 49. Ke3 h5 50. Bf1 Nc4+ 51. Kd3 1/2-1/2